Statistics for The Life of Donald Trump

Click here to take the quiz!

General Stats

  • This quiz has been taken 89 times
  • The average score is 33 of 60

Answer Stats

Hint Answer % Correct
Was he involved in Vietnam War?No
92%
In which city?New York
89%
His partyRepublican
86%
He is President of the ......United States
85%
His residenceWhite House
84%
His opponent during the presidential electionHillary Clinton
84%
Ivanka
84%
Predecessor, the 44th POTUSBarack Obama
82%
Melania
82%
Vice PresidentMike Pence
81%
His sloganMake America Great Again!
81%
Full nameDonald John Trump
81%
How many siblings?Four
81%
^ of which country?Mexico
80%
Has he received a star on the Hollywood Walk of Fame?Yes
80%
Name the countries that are affected by "Executive Order 13769"Iraq
78%
In which year was he born?1946
76%
Iran
76%
His famous sentence in ^You're fired!
73%
His five childrenDonald Jr.
72%
Which borough?Queens
70%
Eric
69%
His three wivesIvana
69%
Most famous TV reality showThe Apprentice
69%
Syria
69%
Build a _____ on the borderWall
68%
January 20, 2017Inauguration Day
66%
Tiffany
65%
He built casinos in which NJ city?Atlantic City
64%
Barron
62%
America {First}First
59%
Yemen
57%
My father gave my a {small} {loan}of a Million Dollarssmall loan
54%
Libya
53%
He owns 18 of theseGolf courses
51%
Paternal ancestryGerman
50%
Marla
49%
Somalia
49%
Secretary of EducationBetsy DeVos
46%
His fatherFred Trump
45%
Estate and Historic Landmark in FloridaMar-a-Lago
43%
On which date?June 14
41%
Secretary of StateRex Tillerson
39%
Maternal ancestryScottish
39%
Sudan
38%
Chief StrategistSteve Bannon
36%
Counselor to the PresidentKellyanne Conway
32%
Stop {Obamacare} (it'sObamacare
30%
Secretary of DefenseJames Mattis
30%
Chief of StaffReince Priebus
30%
From 1971 until 2017 was he CEO of ...?The Trump Organization
28%
Which of them is the most famous one?Taj Mahal
28%
If Ivanka weren't my daughter, perhaps {I'd be dating her}I'd be dating her
24%
How ^ was called before 1971Elizabeth Trump & Son
22%
Phrase used by ^"Alternative Facts"
22%
His net worth4.5 billion
16%
His motherMary Anne Trump
14%
Part of the beauty of is that {I'm very rich}I'm very rich
11%
Where he finished high schoolNew York Military Academy
7%
It's {freezing and snowing} in New York - we need global warming!freezing and snowing
1%

Score Distribution

Percentile by Number Answered

Percent of People with Each Score

Your Score History

You have not taken this quiz